Sexualidad, agresión y autonomía en la mujer: contribuciones psicoanalíticas actuales /
Este texto consiste en una discusión sobre las relaciones entre los aportes modernos de la teoría psicoanalítica a la comprensión de los procesos de socialización de las mujeres y los aportes de las teorías de género y el feminismo producto de los movimientos de liberación de las mujeres que se han...
Đã lưu trong:
| Tác giả chính: | |
|---|---|
| Định dạng: | Sách |
| Ngôn ngữ: | Spanish |
| Những chủ đề: | |
| Các nhãn: |
Thêm thẻ
Không có thẻ, Là người đầu tiên thẻ bản ghi này!
|
MARC
| LEADER | 00000nam a22000007a 4500 | ||
|---|---|---|---|
| 001 | 207 | ||
| 003 | cru CIDCACS/IIS | ||
| 005 | 20220718094846.0 | ||
| 008 | 190910b ||||| |||| 00| 0 spa d | ||
| 040 | |c cru CIDCACS/IIS | ||
| 100 | 1 | |a Hidalgo Xirinachs, Roxana |9 4348 | |
| 245 | 1 | |a Sexualidad, agresión y autonomía en la mujer: |b contribuciones psicoanalíticas actuales / |c Roxana Hidalgo Xirinachs | |
| 300 | |a páginas 137-161 | ||
| 500 | |a Colección Centroamérica | ||
| 520 | |a Este texto consiste en una discusión sobre las relaciones entre los aportes modernos de la teoría psicoanalítica a la comprensión de los procesos de socialización de las mujeres y los aportes de las teorías de género y el feminismo producto de los movimientos de liberación de las mujeres que se han desarrollado durante el último siglo | ||
| 546 | |a Resumen también en inglés | ||
| 650 | 0 | |9 2808 |a RELACIONES DE GENERO | |
| 650 | 4 | |9 1971 |a ROL DE LA MUJER | |
| 650 | 0 | |9 417 |a SEXUALIDAD | |
| 650 | 0 | |9 5457 |a PSICOANALISIS | |
| 773 | 0 | |0 18811 |9 3319 |a Universidad de Costa Rica. Instituto de Investigaciones en Psicología |d San José, C.R.: Editorial de la UCR |o 07029 |t Actualidades en Psicología / | |
| 942 | |2 ddc |c PP | ||
| 999 | |c 42343 |d 42343 | ||
